Tratado de probática judicial : apéndices, índices /

I tiakina i:
Ngā taipitopito rārangi puna kōrero
Kaituhi matua: Muñoz i Sabaté, Lluis (autor)
Hōputu: Pukapuka
Reo:Pāniora
I whakaputaina: Barcelona, España : Bosch, 1996, c1996
Rangatū:(Biblioteca de Derecho Procesal ; 45)
Ngā marau:
Ngā Tūtohu: Tāpirihia he Tūtohu
Kāore He Tūtohu, Me noho koe te mea tuatahi ki te tūtohu i tēnei pūkete!

MARC

LEADER 00000nam^a2200000^a^4500
001 000136291
005 20250521000000.0
009 20260310095312.066
020 |a 84-7698-414-6 
037 |a Acervo ITESO - Biblioteca 
041 |a ESP 
082 |a 347. 06  |b MUÑ V. 5 
100 |a Muñoz i Sabaté, Lluis  |e (autor) 
240 1 1 |a [Tratado de probática judicial] 
245 1 0 |a Tratado de probática judicial :  |b apéndices, índices /  |c L. Muñoz i Sabaté. 
264 4 |a Barcelona, España :  |b Bosch,  |c 1996, c1996 
300 |a 270 p. 
336 |a texto  |b txt  |2 rdacontenido 
337 |a sin mediación  |b n  |2 rdamedio 
338 |a volumen  |b nc  |2 rdasoporte 
440 1 |a (Biblioteca de Derecho Procesal ;  |v 45) 
649 |a XX 
650 |a Prueba (Derecho) 
650 |a Evidencia 
650 |a Derecho Procesal 
650 |a Derecho Procesal 
650 |a Semiótica 
650 |a Lingüística 
910 |a Fondo General 
920 |a Impresos - Libros 
930 |a Colección General 
905 |a 101 
901 |a 0500064883  |b IT1  |c ACC  |u 20250521 
902 |a https://opac.biblio.iteso.mx/vufind/Record/000136291